MARC details
| 000 -CABECERA |
| campo de control de longitud fija |
01837cam a2200433 i 4500 |
| 001 - NÚMERO DE CONTROL |
| campo de control |
991061731900606706 |
| 003 - IDENTIFICADOR DEL NÚMERO DE CONTROL |
| campo de control |
ES-BaIT |
| 005 - FECHA Y HORA DE LA ÚLTIMA TRANSACCIÓN |
| campo de control |
20260306111320.0 |
| 008 - DATOS DE LONGITUD FIJA--INFORMACIÓN GENERAL |
| campo de control de longitud fija |
260306q17581796sp 000 d spa c |
| 040 ## - FUENTE DE LA CATALOGACIÓN |
| Centro catalogador/agencia de origen |
ES-BaIT |
| Lengua de catalogación |
cat |
| Normas de descripción |
rda |
| Centro/agencia transcriptor |
ES-BaIT |
| 080 ## - NÚMERO DE LA CLASIFICACIÓN DECIMAL UNIVERSAL |
| Número de la Clasificación Decimal Universal |
860-2"16" |
| 100 1# - ENTRADA PRINCIPAL--NOMBRE DE PERSONA |
| Nombre de persona |
Bances Candamo, Francisco Antonio de, |
| Fechas asociadas al nombre |
1662-1704 |
| Término indicativo de función/relación |
autor |
| 9 (RLIN) |
65674 |
| 245 10 - MENCIÓN DE TÍTULO |
| Título |
Entremes nuevo de el astrologo tunante |
| 246 30 - FORMA VARIANTE DE TÍTULO |
| Título propio/Titulo breve |
Astrologo tunante |
| 264 #1 - PRODUCCIÓN, PUBLICACIÓN, DISTRIBUCIÓN, FABRICACIÓN Y COPYRIGHT |
| Producción, publicación, distribución, fabricación y copyright |
En Sevilla : |
| Nombre del de productor, editor, distribuidor, fabricante |
en la Imprenta de Nicolàs Vazquez, en calle de Genova, |
| Fecha de producción, publicación, distribución, fabricación o copyright |
[entre 1758 i 1796] |
| 300 ## - DESCRIPCIÓN FÍSICA |
| Extensión |
8 pàgines sense numerar ; |
| Dimensiones |
8º |
| 336 ## - TIPO DE CONTENIDO |
| Término de tipo de contenido |
text |
| Código de tipo de contenido |
txt |
| Fuente |
rdacontent |
| 337 ## - TIPO DE MEDIO |
| Nombre/término del tipo de medio |
sense mediació |
| Código del tipo de medio |
n |
| Fuente |
rdamedia |
| 338 ## - TIPO DE SOPORTE |
| Nombre/término del tipo de soporte |
volum |
| Código del tipo de soporte |
nc |
| Fuente |
rdacarrier |
| 500 ## - NOTA GENERAL |
| Nota general |
Signatura: [ ]4 |
| 500 ## - NOTA GENERAL |
| Nota general |
Dades d'edició obtingudes del colofó |
| 500 ## - NOTA GENERAL |
| Nota general |
Data d'edició deduïda dels anys d'activitat de l'editor |
| 508 ## - NOTA DE CRÉDITOS DE CREACIÓN O PRODUCCIÓN |
| Nota de créditos de creación o producción |
Obra atribuïda a Candamo, segons Gutiérrez Carbajo |
| 510 4# - NOTA DE CITAS O REFERENCIAS BIBLIOGRÁFICAS |
| Nombre de la fuente |
Gutiérrez Carbajo. Sobre el teatro clásico españo, |
| Localización dentro de la fuente |
pàgina 246 |
| 530 ## - NOTA DISPONIBLE DE FORMULARIO FÍSICO ADICIONAL |
| Nota de formato físico adicional disponible |
Reproducció digital disponible a Biblioescènic |
| 593 ## - Camps col·lecció exemplar |
| Signatura topogràfica i/o núm. de registre |
VIT-084/10. |
| Notes |
Relligat en volum factici. |
| Digitalització |
Exemplar digitalitzat per Crossland, 2022. |
| Nom de la col·lecció especial |
Artur Sedó |
| 655 #7 - TÉRMINO DE INDIZACIÓN--GÉNERO/FORMA |
| Datos o término principal de género/forma |
Entremesos castellans |
| Subdivisión cronológica |
S. XVII |
| Fuente del término |
lemac |
| 9 (RLIN) |
107584 |
| 700 1# - ENTRADA AGREGADA--NOMBRE PERSONAL |
| Nombre de persona |
Vázquez, Manuel Nicolás, |
| Fechas asociadas al nombre |
actiu 1758-1796 |
| Término indicativo de función/relación |
impressor |
| 9 (RLIN) |
162741 |
| 730 0# - ENTRADA AGREGADA--TÍTULO UNIFORME |
| Título uniforme |
Col·lecció digital Biblioescènic del MAE |
| 9 (RLIN) |
69172 |
| 752 ## - ENTRADA AGREGADA--NOMBRE JERÁRQUICO DEL LUGAR |
| País o entidad superior |
España |
| Ciudad |
Sevilla |
| 856 41 - LOCALIZACIÓN Y ACCESO ELECTRÓNICOS |
| Nota pública |
Accés lliure (Biblioescènic) |
| Identificador Uniforme del Recurso |
<a href="https://books.cdmae.cat/visorpdf/?recurs=SV0084-10">https://books.cdmae.cat/visorpdf/?recurs=SV0084-10</a> |
| 856 41 - LOCALIZACIÓN Y ACCESO ELECTRÓNICOS |
| Nota pública |
Accés lliure (BVMC) |
| Identificador Uniforme del Recurso |
<a href="https://www.cervantesvirtual.com/obra/entremes-nuevo-del-astrologo-tunante/">https://www.cervantesvirtual.com/obra/entremes-nuevo-del-astrologo-tunante/</a> |
| 902 ## - ELEMENTOS DE DATOS B LOCAL, LDB (RLIN) |
| a |
Fons antic |
| 902 ## - ELEMENTOS DE DATOS B LOCAL, LDB (RLIN) |
| a |
Patrimoni |
| 908 ## - COLOCAR PARÁMETRO DE COMANDO (RLIN) |
| Colocar parámetro de comando |
CDMAE |
| 940 ## - EQUIVALENCIA O REFERENCIA-CRUZADA--TÍTULO UNIFORME [OBSOLETO] [solamente CAN/MARC] |
| Título uniforme |
<a href="CDMAE">CDMAE</a> |
| 942 ## - ELEMENTOS DE ENTRADA AGREGADA (KOHA) |
| Fuente del sistema de clasificación o colocación |
Clasificación decimal universal |
| Tipo de ítem Koha |
Digital |